00820nam a2200193 a 450000100100000000500170001000800410002704000250006808200160009310000400010924500480014926000290019730000200022604900090024695201200025595201140037595201200048999900170060900003217920240301140759.0110713s19uu dr 000 p spa d aDO-SdBNPbspacBNPHU axxxxbA992c1 aAzar García, Aquiles,d19329647610aCinco manifiestos /cAquiles Azar García. a[Santo Domingo,c19--?]. a24 p. ;c18 cm. aBNPD 0010718DSaGRbGRcCTd2011-07-13iLF1l0oxxxx A992cp32179-30r2020-06-25te. 3w2020-06-25yLFDSZNo se presta 0010718PDaPDbPDcCTd2011-07-13iLF1l0oxxxx A992cp32179-10r2020-06-25w2020-06-25yLFPDZNo se presta 0010718PDaPDbPDcCTd2011-07-13iLF1l0oxxxx A992cp32179-20r2020-06-25te. 2w2020-06-25yLFPDZNo se presta c31670d31670